Consensual Foundations of the Policy of Protecting the Genetic Information
Analýza politiky ochrany genetických informácií. Praktický rozmer genetiky a ochrana individuálnych práv jednotlivcov.
Saved in:
| Main Author: | |
|---|---|
| Format: | Book Chapter |
| Language: | English |
| Subjects: | |
| Tags: |
No Tags, Be the first to tag this record!
|
MARC
| LEADER | 00000naa a2200000 4500 | ||
|---|---|---|---|
| 001 | 0240906 | ||
| 005 | 20180306110857.9 | ||
| 041 | 0 | |a eng | |
| 044 | |a SK | ||
| 245 | 1 | 0 | |a Consensual Foundations of the Policy of Protecting the Genetic Information |c Paweł Kwiatkowski |
| 520 | |a Analýza politiky ochrany genetických informácií. Praktický rozmer genetiky a ochrana individuálnych práv jednotlivcov. | ||
| 610 | 2 | 0 | |a genetika |
| 610 | 2 | 0 | |a ochrana ľudských práv |
| 610 | 2 | 0 | |a práva ľudské |
| 610 | 2 | 0 | |a ochrana informácií |
| 610 | 2 | 0 | |a ochrana práv občanov |
| 100 | 1 | |a Kwiatkowski, Paweł | |